<?xml version="1.0" encoding="UTF-8"?>
<record
    xmlns:xsi="http://www.w3.org/2001/XMLSchema-instance"
    xsi:schemaLocation="http://www.loc.gov/MARC21/slim http://www.loc.gov/standards/marcxml/schema/MARC21slim.xsd"
    xmlns="http://www.loc.gov/MARC21/slim">

  <leader>00332nam a2200121Ia 4500</leader>
  <controlfield tag="008">180201s9999||||xx |||||||||||||| ||und||</controlfield>
  <datafield tag="020" ind1=" " ind2=" ">
    <subfield code="c">NT360</subfield>
    <subfield code="a">978-986-359-314-0</subfield>
  </datafield>
  <datafield tag="100" ind1=" " ind2=" ">
    <subfield code="a">&#x99AC;&#x65B0;&#x5D50;</subfield>
  </datafield>
  <datafield tag="245" ind1=" " ind2="0">
    <subfield code="c">&#x99AC;&#x65B0;&#x5D50;</subfield>
    <subfield code="a">&#x9762;&#x5C0D;&#x4EBA;&#x751F;&#xFF0C;&#x6211;&#x5011;&#x90FD;&#x662F;&#x6BEB;&#x7121;&#x6E96;&#x5099;&#x7684;&#x5927;&#x4EBA;</subfield>
  </datafield>
  <datafield tag="250" ind1=" " ind2=" ">
    <subfield code="a">&#x521D;&#x7248;</subfield>
  </datafield>
  <datafield tag="260" ind1=" " ind2=" ">
    <subfield code="c">2016.11</subfield>
    <subfield code="a">&#x65B0;&#x5317;&#x5E02;</subfield>
  </datafield>
  <datafield tag="300" ind1=" " ind2=" ">
    <subfield code="c"> cm.</subfield>
    <subfield code="a"> p.</subfield>
  </datafield>
  <datafield tag="942" ind1=" " ind2=" ">
    <subfield code="2">ccl</subfield>
    <subfield code="c">BOOK</subfield>
  </datafield>
  <datafield tag="999" ind1=" " ind2=" ">
    <subfield code="c">1126</subfield>
    <subfield code="d">1126</subfield>
  </datafield>
  <datafield tag="952" ind1=" " ind2=" ">
    <subfield code="0">0</subfield>
    <subfield code="1">0</subfield>
    <subfield code="2">ccl</subfield>
    <subfield code="4">0</subfield>
    <subfield code="7">0</subfield>
    <subfield code="a">yeezen</subfield>
    <subfield code="b">yeezen</subfield>
    <subfield code="d">2018-02-01</subfield>
    <subfield code="l">6</subfield>
    <subfield code="m">1</subfield>
    <subfield code="o">785.28 </subfield>
    <subfield code="p">C02328</subfield>
    <subfield code="r">2022-02-08 00:00:00</subfield>
    <subfield code="s">2022-01-27</subfield>
    <subfield code="w">2018-02-01</subfield>
    <subfield code="y">BOOK</subfield>
    <subfield code="z">&#x6211;&#x5011;&#x65C1;&#x89C0;&#x4ED6;&#x4EBA;&#x7684;&#x75DB;&#x82E6;&#xFF0C;&#x675F;&#x624B;&#x7121;&#x7B56;&#xFF0C;&#x6EFF;&#x53E3;&#x8822;&#x8A71;&#x3002;&#x6211;&#x5011;&#x81EA;&#x8EAB;&#x7684;&#x60B2;&#x615F;&#x7E3D;&#x6F5B;&#x4F0F;&#x5728;&#x65E5;&#x5E38;&#x751F;&#x6D3B;&#xFF0C;&#x51B7;&#x4E0D;&#x9632;&#x5077;&#x8972;&#xFF0C;&#x6210;&#x70BA;&#x6C38;&#x9060;&#x7684;&#x50B7;&#x53E3;&#x3002;&#x597D;&#x4E8B;&#x58DE;&#x4E8B;&#x5C31;&#x9019;&#x9EBC;&#x767C;&#x751F;&#xFF0C;&#x6211;&#x5011;&#x6709;&#x6B0A;&#x5229;&#x908A;&#x505A;&#x908A;&#x932F;&#x908A;&#x5B78;&#xFF08;&#x4E26;&#x4E14;&#x518D;&#x505A;&#x518D;&#x932F;&#x518D;&#x5B78;&#xFF09;&#x3002;&#x4E0D;&#x9700;&#x6182;&#x616E;&#x9084;&#x6C92;&#x5230;&#x7684;&#x672A;&#x4F86;&#xFF0C;&#x7576;&#x500B;&#x5927;&#x4EBA;&#x5C31;&#x662F;&#x5728;&#x6E96;&#x5099;&#x597D;&#x4E4B;&#x524D;&#x5C31;&#x633A;&#x8EAB;&#x61C9;&#x6230;&#x3002;&#x4E0D;&#x7528;&#x518D;&#x4F01;&#x5716;&#x82E6;&#x601D;&#x6B63;&#x78BA;&#x5F97;&#x9AD4;&#x7684;&#x61C9;&#x5C0D;&#xFF0C;&#x7B11;&#x51FA;&#x4F86;&#x7C97;&#x4E43;&#x4E5F;&#x6C92;&#x95DC;&#x4FC2;&#xFF0C;&#x54ED;&#x5230;&#x6DDA;&#x6D41;&#x5167;&#x725B;&#x6EFF;&#x9762;&#x4E5F;&#x5F88;&#x597D;&#x3002;&#x5225;&#x518D;&#x8CEA;&#x7591;&#x81EA;&#x5DF1;&#xFF08;&#x7562;&#x7ADF;&#x6709;&#x6642;&#x5019;&#x5167;&#x5FC3;&#x7684;&#x8072;&#x97F3;&#x5C31;&#x662F;&#x500B;&#x767D;&#x7661;&#xFF09;&#x3002;</subfield>
  </datafield>
</record>
